| Tag |
First Indicator |
Second Indicator |
Subfields |
| LEADER |
00000cam a22000001a 4500 |
| 001 |
in00003343413 |
| 006 |
m d f |
| 007 |
cr bn mmmapmmp |
| 008 |
110210s2009 dcu o f000 0 eng d |
| 005 |
20260430164108.6 |
| 035 |
|
|
|a cis2007807533
|
| 040 |
|
|
|a ProQuest
|c ProQuest
|d UtOrBLW
|
| 043 |
|
|
|a n-us---
|
| 099 |
|
|
|a CMP-2009-SER-0024
|
| 110 |
2 |
|
|a U.S. Senate Republican Policy Committee.
|
| 245 |
1 |
0 |
|a Secretary Gates' Proposed Department of Defense Budget, the Upcoming Quadrennial Defense Review, and the Role of Congress.
|
| 264 |
|
1 |
|a [Washington] :
|b [U.S. G.P.O.],
|c 2009.
|
| 300 |
|
|
|a 1 online resource.
|
| 336 |
|
|
|a text
|b txt
|2 rdacontent
|
| 337 |
|
|
|a computer
|b c
|2 rdamedia
|
| 338 |
|
|
|a online resource
|b cr
|2 rdacarrier
|
| 500 |
|
|
|a Record is based on bibliographic data in ProQuest U.S. Congressional Research Digital Collection. Reuse except for individual research requires license from ProQuest, LLC.
|
| 500 |
|
|
|a Electronic resource.
|
| 610 |
1 |
0 |
|a United States.
|b Department of Defense
|x Appropriations and expenditures.
|
| 650 |
|
0 |
|a National security
|z United States
|x Finance.
|
| 655 |
|
7 |
|a Electronic books.
|2 local
|
| 710 |
2 |
|
|a ProQuest (Firm)
|
| 776 |
0 |
8 |
|i Print version:
|a U.S. Senate Republican Policy Committee.
|t Secretary Gates' Proposed Department of Defense Budget, the Upcoming Quadrennial Defense Review, and the Role of Congress
|
| 776 |
0 |
8 |
|i Microfiche version:
|a U.S. Senate Republican Policy Committee.
|t Secretary Gates' Proposed Department of Defense Budget, the Upcoming Quadrennial Defense Review, and the Role of Congress.
|d [Bethesda, Md.] : ProQuest,[2004]
|o CIS 2009 S962-73
|w (ProQuest)cis200903859
|
| 830 |
|
0 |
|a U.S. Congressional Research.
|
| 856 |
4 |
0 |
|u http://proxy.library.tamu.edu/login?url=https://congressional.proquest.com/congcomp/getdoc?CRDC-ID=CMP-2009-SER-0024
|z Connect to the full text of this electronic book
|t 0
|
| 998 |
|
|
|a cis200903859
|
| 999 |
|
|
|a MARS
|
| 999 |
f |
f |
|s e3509da6-4b7d-38f2-916e-3f49048bb39a
|i 5b1cec8d-2638-3cee-b0c6-7ae9f91a213d
|t 0
|
| 952 |
f |
f |
|a Texas A&M University
|b College Station
|c Electronic Resources
|s www_evans
|d Available Online
|t 0
|e CMP-2009-SER-0024
|h Other scheme
|
| 998 |
f |
f |
|a CMP-2009-SER-0024
|t 0
|l Available Online
|